Haiwan dan Tumbuhan

Bibliographic Details
Main Author: Glease, Hannah E
Format: Book
Published: Johor Bahru : Penerbitan Pelangi , 1993
Subjects:

MARC

LEADER 00000cam a2200000 7i4500
001 0000004292
002 000004613
005 20000330.0
020 |a 9838783560 
090 0 0 |a J 507   |b GLE 
100 0 |a Glease, Hannah E 
245 0 0 |a Haiwan dan Tumbuhan   |c Hannah E. Glease 
260 |a Johor Bahru :   |b Penerbitan Pelangi ,   |c 1993 
300 |a 23p. :   |b ill. ;   |c 18cm. 
650 0 0 |a Science   |x Juvenile literature 
999 |a 032236   |b BUKU   |c PINJAMAN   |e PERPUSTAKAAN KOMUNITI PETALING JAYA 
999 |a 032237   |b BUKU   |c PINJAMAN   |e PERPUSTAKAAN KOMUNITI PETALING JAYA 
999 |a 046833   |b BUKU   |c PINJAMAN   |e PERPUSTAKAAN KOMUNITI CAW KOTA DAMANSARA